Las grandes potencias del futuro: ganadores y perdedores en el mundo del mañana
Guardado en:
| Autor principal: | |
|---|---|
| Formato: | Libro |
| Lenguaje: | español |
| Publicado: |
Barcelona
Paidós Ibérica
2006
|
| Edición: | 1a. ed |
| Colección: | Paidós Estado y Sociedad, 133
|
| Materias: | |
| Etiquetas: |
Agregar Etiqueta
Sin Etiquetas, Sea el primero en etiquetar este registro!
|
MARC
| LEADER | 00000nam a2200000 a 4500 | ||
|---|---|---|---|
| 001 | UCJ9659 | ||
| 003 | CL-VaPUC | ||
| 008 | 070330e20060000SP |||||||||||||||||spa|d | ||
| 020 | |a 8449317991 | ||
| 082 | 0 | 4 | |a 303.49 |b SCH |2 21 |
| 100 | 0 | |a Schmidt, Helmut |e author |9 519650 | |
| 245 | 1 | 4 | |a Las grandes potencias del futuro: ganadores y perdedores en el mundo del mañana |
| 250 | |a 1a. ed | ||
| 300 | |a 167 p | ||
| 942 | |c BK | ||
| 945 | |d 20070330 00:00:00 |a cmena | ||
| 260 | |a Barcelona |b Paidós Ibérica |c 2006 | ||
| 650 | 7 | |a FUTUROLOGIA |2 CL-VaPUC |9 328866 | |
| 650 | 0 | |a Cambio social |9 256857 | |
| 650 | 0 | |a Desarrollo social |9 264534 | |
| 650 | 0 | |a Sociedad contemporánea |9 337179 | |
| 650 | 0 | |a Poder político |9 255509 | |
| 650 | 7 | |a PODER ECONOMICO |2 CL-VaPUC |9 338221 | |
| 650 | 0 | |a Potencias mundiales |9 431761 | |
| 583 | |a last modification |c 20070330 00:00:00 |k Rodrigo Vera | ||
| 490 | 0 | |a Paidós Estado y Sociedad, 133 | |
| 999 | |c 325079 |d 325077 | ||
| 952 | |0 0 |1 0 |4 0 |6 303_490000000000000_SCH_2006 |7 0 |8 A |9 405644 |a BIBHIS |b BIBHIS |d 2019-11-22 |i 4326717 |o 303.49 SCH 2006 |p 4326717 |r 2025-01-20 |w 2019-11-22 |y BK |k HIS | ||